[路線図付き] JR東日本 宇都宮線 駅名穴埋めクイズ - Statistics

General Stats
  • This quiz has been taken 1,822 times
  • The average score is 26 of 34
Answers on the Map
Answers color-coded by a green-red scale on the quiz's map according to % correct below.
 
Answer Stats
Answer % Correct
宇都宮線 JU07 大宮
98%
宇都宮線 宇都宮
97%
宇都宮線 JU01 東京
97%
宇都宮線 JU02 上野
96%
宇都宮線 JU04 赤羽
95%
宇都宮線 JU06 さいたま新都心
94%
宇都宮線 JU05 浦和
94%
宇都宮線 小山
92%
宇都宮線 JU03 尾久
91%
宇都宮線 黒磯
88%
宇都宮線 久喜
85%
宇都宮線 東大宮
84%
宇都宮線 栗橋
82%
宇都宮線 那須塩原
80%
宇都宮線 自治医大
79%
宇都宮線 古河
79%
宇都宮線 白岡
79%
宇都宮線 蓮田
79%
宇都宮線 土呂
79%
宇都宮線 小金井
78%
宇都宮線 新白岡
77%
宇都宮線 雀宮
71%
宇都宮線 東鷲宮
71%
宇都宮線 宝積寺
70%
宇都宮線 間々田
68%
宇都宮線 西那須野
66%
宇都宮線 石橋
65%
宇都宮線 野木
65%
宇都宮線 矢板
60%
宇都宮線 岡本
59%
宇都宮線 氏家
53%
宇都宮線 蒲須坂
50%
宇都宮線 野崎
46%
宇都宮線 片岡
42%
No matching quizzes found
Score Distribution
Percent of People with Each Score
Percentile by Number Answered
Your Score History
You have not taken this quiz